[Event "BCF-chT1b 1011 (4NCL)"]
[Site "England"]
[Date "2011.03.26"]
[Round "7.16"]
[White "Gayson, Peter"]
[Black "Linford, Charles M"]
[Result "1/2-1/2"]
[WhiteElo "2173"]
[BlackElo "2122"]
[PlyCount "70"]
[EventDate "2010.11.06"]
[EventType "team-tourn"]
[EventRounds "7"]
[EventCountry "ENG"]
[SourceTitle "EXT 2012"]
[Source "ChessBase"]
[SourceDate "2011.11.24"]
[SourceVersion "1"]
[SourceVersionDate "2011.11.24"]
[SourceQuality "1"]
[WhiteTeam "White Rose"]
[BlackTeam "Sambuca Sharks"]
[WhiteTeamCountry "ENG"]
[BlackTeamCountry "ENG"]

1. e4 c5 2. Nf3 e6 3. d4 cxd4 4. Nxd4 Nc6 5. Nc3 a6 6. Be2 Qc7 7. 0-0 Nf6 8. Kh1 Bb4 9. Qd3 0-0 10. f4 Nxd4 11. Qxd4 Bxc3 12. bxc3 d5 13. e5 Ne4 14. c4 Rd8 15. cxd5 Nc3 16. Bf3 Nxd5 17. Rd1 b5 18. f5 Bb7 19. Bg5 Rd7 20. fxe6 fxe6 21. Rac1 Rc8 22. Bg4 Qc6 23. Qe4 Qb6 24. Qd4 Qc6 25. Qe4 Rf7 26. h3 b4 27. Rf1 Rcf8 28. Rxf7 Rxf7 29. Bf3 Qb6 30. Qd3 Rf5 31. Bd2 Rxe5 32. Re1 Rxe1+ 33. Bxe1 Nf6 34. Bxb7 Qxb7 35. Qd6 a5 1/2-1/2

[Event "BCF-chT1a 0809 (4NCL)"]
[Site "England"]
[Date "2009.01.18"]
[Round "6.5"]
[White "Linford, Charles M"]
[Black "Churm, Rohan"]
[Result "1-0"]
[WhiteElo "2119"]
[BlackElo "2192"]
[PlyCount "83"]
[EventDate "2008.10.04"]
[EventType "team-tourn"]
[EventRounds "7"]
[EventCountry "ENG"]
[SourceTitle "EXT 2010"]
[Source "ChessBase"]
[SourceDate "2010.11.25"]
[SourceVersion "1"]
[SourceVersionDate "2010.11.25"]
[SourceQuality "1"]
[WhiteTeam "Sambuca Sharks"]
[BlackTeam "Cambridge"]
[WhiteTeamCountry "ENG"]
[BlackTeamCountry "ENG"]

1. e4 e6 2. d4 d5 3. Nd2 Nf6 4. e5 Nfd7 5. Bd3 c5 6. c3 Nc6 7. Ne2 cxd4 8. cxd4 f6 9. exf6 Nxf6 10. Nf3 Bd6 11. 0-0 0-0 12. Bf4 Nh5 13. Bxd6 Qxd6 14. Qd2 Bd7 15. Qg5 Nf4 16. Nxf4 Qxf4 17. Qxf4 Rxf4 18. Rad1 a6 19. Rfe1 Raf8 20. Re3 h6 21. Rd2 Be8 22. Rxe6 Bh5 23. Ne5 Nxd4 24. Rd6 Rc8 25. f3 Be8 26. Rxd5 Ne6 27. Rd6 Rc1+ 28. Kf2 Nc5 29. Kg3 Rf8 30. Bc4+ Kh7 31. b4 Re1 32. R2d5 Na4 33. Bb3 Nc3 34. Rc5 Rc1 35. Rd2 g6 36. Nd3 Nb1 37. Rxc1 Nxd2 38. Rc7+ Kh8 39. Bd5 Bb5 40. Ne5 Rf6 41. Nf7+ Kg7 42. Ng5+ 1-0

[Event "Coulsdon Easter-B"]
[Site "Coulsdon"]
[Date "2007.04.04"]
[Round "9"]
[White "Lock, Gavin R"]
[Black "Linford, Charles M"]
[Result "1/2-1/2"]
[WhiteElo "2200"]
[BlackElo "2142"]
[PlyCount "60"]
[EventDate "2007.03.31"]
[EventType "tourn"]
[EventRounds "9"]
[EventCountry "ENG"]
[SourceTitle "CBM 117 Extra"]
[Source "ChessBase"]
[SourceDate "2007.05.09"]
[SourceVersion "1"]
[SourceVersionDate "2007.05.09"]
[SourceQuality "1"]

1. Nf3 c5 2. c4 b6 3. g3 Bb7 4. Bg2 e6 5. 0-0 Nf6 6. Nc3 Be7 7. Re1 0-0 8. e4 d6 9. d4 cxd4 10. Nxd4 Qc8 11. Be3 a6 12. Rc1 Nbd7 13. f4 h6 14. g4 Nh7 15. Bf2 Qd8 16. Nf3 e5 17. f5 Ng5 18. Nd5 Bxd5 19. cxd5 Nc5 20. Nxg5 Bxg5 21. Rc3 Bh4 22. Bxh4 Qxh4 23. b4 Nd7 24. Qd2 Nf6 25. h3 b5 26. Qf2 Qg5 27. h4 Qxg4 28. Rg3 Qf4 29. Rf3 Qg4 30. Rg3 Qf4 1/2-1/2

[Event "BCF-chT2 0607 (4NCL)"]
[Site "Sunningdale"]
[Date "2007.03.03"]
[Round "7.2"]
[White "Linford, Charles M"]
[Black "Thomas, Nicholas"]
[Result "0-1"]
[WhiteElo "2142"]
[BlackElo "2296"]
[PlyCount "80"]
[EventDate "2006.09.16"]
[EventType "team-tourn"]
[EventRounds "11"]
[EventCountry "ENG"]
[SourceTitle "EXT 2008"]
[Source "ChessBase"]
[SourceDate "2007.11.25"]
[SourceVersion "1"]
[SourceVersionDate "2007.11.25"]
[SourceQuality "1"]
[WhiteTeam "Slough Sharks II"]
[BlackTeam "Warwicks Select"]
[WhiteTeamCountry "ENG"]
[BlackTeamCountry "ENG"]

1. e4 e6 2. d4 d5 3. Nd2 Nc6 4. Ngf3 Nf6 5. e5 Nd7 6. Bb5 a6 7. Bxc6 bxc6 8. Nb3 c5 9. dxc5 Nxc5 10. Qd4 Ne4 11. c4 c5 12. Qe3 Bb7 13. cxd5 exd5 14. 0-0 Be7 15. Nbd2 d4 16. Qf4 Nxd2 17. Bxd2 0-0 18. Rfe1 Qb6 19. Rab1 Rad8 20. Qg3 Bd5 21. b3 f6 22. Bf4 Qc6 23. Nh4 f5 24. Bg5 f4 25. Qg4 Be6 26. Qh5 Bxg5 27. Qxg5 Rde8 28. Rbd1 Rf7 29. Nf3 Bd5 30. e6 Rf6 31. Ne5 Rfxe6 32. Nd3 Rxe1+ 33. Nxe1 Qe6 34. Nd3 f3 35. gxf3 Bxf3 36. Rc1 h6 37. Qf4 Qg6+ 38. Qg3 Qxd3 39. Qd6 Qe4 40. h3 Re6 0-1

[Event "BCF-chT3 0607 (4NCL)"]
[Site "Sunningdale"]
[Date "2006.11.12"]
[Round "4.1"]
[White "Trevelyan, John"]
[Black "Linford, Charles M"]
[Result "1/2-1/2"]
[WhiteElo "2228"]
[BlackElo "2142"]
[PlyCount "104"]
[EventDate "2006.09.16"]
[EventType "team-tourn"]
[EventRounds "11"]
[EventCountry "ENG"]
[SourceTitle "EXT 2008"]
[Source "ChessBase"]
[SourceDate "2007.11.25"]
[SourceVersion "1"]
[SourceVersionDate "2007.11.25"]
[SourceQuality "1"]
[WhiteTeam "SW Dragons II"]
[BlackTeam "Slough Sharks III"]
[WhiteTeamCountry "ENG"]
[BlackTeamCountry "ENG"]

1. d4 Nf6 2. c4 e6 3. Nf3 b6 4. g3 Bb4+ 5. Bd2 Be7 6. Bg2 c6 7. Nc3 d5 8. cxd5 cxd5 9. 0-0 0-0 10. Ne5 Bb7 11. Bg5 Nfd7 12. Bxe7 Qxe7 13. Nxd7 Nxd7 14. Rc1 Rfd8 15. Qd2 Nf6 16. a3 Rd7 17. Na2 Ne4 18. Qb4 Qf6 19. Qb5 Rad8 20. e3 Nd2 21. Rfe1 Nf3+ 22. Bxf3 Qxf3 23. Qe2 Qf5 24. f4 f6 25. Rc3 Re8 26. Qc2 Qg4 27. Rc7 Rde7 28. Rxe7 Rxe7 29. Qe2 Qxe2 30. Rxe2 Rc7 31. Kf2 Kf7 32. Nb4 a5 33. Rc2 Rxc2+ 34. Nxc2 Bc6 35. Ne1 Kg6 36. Nf3 Kf5 37. Nd2 Ba4 38. b3 Bb5 39. Kf3 h5 40. h3 Bd3 41. g4+ hxg4+ 42. hxg4+ Kg6 43. b4 axb4 44. axb4 Kf7 45. e4 Ke7 46. exd5 exd5 47. Ke3 Bc2 48. g5 Bf5 49. gxf6+ gxf6 50. Nf1 Kd6 51. Kd2 Bg4 52. Ne3 Bd7 1/2-1/2

[Event "BCF-chT3 0607 (4NCL)"]
[Site "Sunningdale"]
[Date "2006.11.11"]
[Round "3.1"]
[White "Linford, Charles M"]
[Black "Summerscale, Aaron"]
[Result "0-1"]
[WhiteElo "2142"]
[BlackElo "2484"]
[PlyCount "80"]
[EventDate "2006.09.16"]
[EventType "team-tourn"]
[EventRounds "11"]
[EventCountry "ENG"]
[SourceTitle "EXT 2008"]
[Source "ChessBase"]
[SourceDate "2007.11.25"]
[SourceVersion "1"]
[SourceVersionDate "2007.11.25"]
[SourceQuality "1"]
[WhiteTeam "Slough Sharks III"]
[BlackTeam "Pride and Prejudice "]
[WhiteTeamCountry "ENG"]
[BlackTeamCountry "ENG"]

1. e4 d6 2. d4 c6 3. Nc3 Qa5 4. f4 e5 5. Nf3 Nf6 6. Bd3 Bg4 7. dxe5 dxe5 8. f5 Nbd7 9. h3 Bxf3 10. Qxf3 Nc5 11. Bd2 0-0-0 12. 0-0-0 Nxd3+ 13. cxd3 Nd7 14. h4 f6 15. Kb1 Qa6 16. Rh3 Bb4 17. Ne2 Bxd2 18. Rxd2 Nc5 19. Qe3 Qa5 20. Rd1 Rd7 21. Rg3 Rhd8 22. Nc1 Qb4 23. a3 Qa4 24. Qxc5 Qxd1 25. Qxa7 Rxd3 26. Rxg7 R3d7 27. Rg3 Qd4 28. Qa8+ Kc7 29. Qa5+ Kb8 30. Qe1 Qa4 31. Qe3 Rd1 32. Ka2 Qc2 33. Rg7 Qxc1 34. Qxc1 Rxc1 35. Rxh7 Rg8 36. Rf7 Rxg2 37. Rxf6 Re1 38. Re6 Rxe4 39. f6 Rf2 40. h5 Rh4 0-1

[Event "BCF-chT4a 0405 (4NCL)"]
[Site "Telford"]
[Date "2005.05.29"]
[Round "10.6"]
[White "Linford, Charles M"]
[Black "Hadi, Justin"]
[Result "1/2-1/2"]
[WhiteElo "2142"]
[BlackElo "1845"]
[PlyCount "85"]
[EventDate "2004.11.06"]
[EventType "team-tourn"]
[EventRounds "11"]
[EventCountry "ENG"]
[SourceTitle "EXT 2006"]
[Source "ChessBase"]
[SourceDate "2005.11.24"]
[SourceVersion "1"]
[SourceVersionDate "2005.11.24"]
[SourceQuality "1"]
[WhiteTeam "Slough Sharks II"]
[BlackTeam "Oxford II"]
[WhiteTeamCountry "ENG"]
[BlackTeamCountry "ENG"]

1. e4 c5 2. Nf3 Nc6 3. d4 cxd4 4. Nxd4 Nf6 5. Nc3 e5 6. Ndb5 d6 7. Bg5 a6 8. Na3 b5 9. Bxf6 gxf6 10. Nd5 f5 11. Bxb5 axb5 12. Nxb5 Ra4 13. b4 Qh4 14. 0-0 Rg8 15. f4 Bb7 16. c3 Ra6 17. Nbc7+ Kd7 18. Nxa6 Bxa6 19. Rf2 Bb7 20. b5 Ne7 21. fxe5 Nxd5 22. exd5 dxe5 23. Rxf5 Bc5+ 24. Kh1 Qe4 25. Qf1 Bxd5 26. Rd1 Ke7 27. Rxd5 Qxd5 28. Qe2 f6 29. c4 Qd4 30. Rf1 Qg4 31. Qc2 Qg6 32. Qe2 Rd8 33. Qf3 e4 34. Qf4 Bd6 35. Qe3 Rc8 36. Qd4 Rg8 37. Rf2 Rd8 38. Re2 f5 39. Qc3 Qf6 40. Qe3 Qe5 41. g3 Bc5 42. Qg5+ Qf6 43. Qf4 1/2-1/2

[Event "BCF-chT4b 0405 (4NCL)"]
[Site "Telford"]
[Date "2005.05.28"]
[Round "9.4"]
[White "Linford, Charles M"]
[Black "Lindner, Daniel"]
[Result "0-1"]
[WhiteElo "2142"]
[BlackElo "2247"]
[PlyCount "98"]
[EventDate "2004.11.06"]
[EventType "team-tourn"]
[EventRounds "11"]
[EventCountry "ENG"]
[SourceTitle "EXT 2006"]
[Source "ChessBase"]
[SourceDate "2005.11.24"]
[SourceVersion "1"]
[SourceVersionDate "2005.11.24"]
[SourceQuality "1"]
[WhiteTeam "Slough III"]
[BlackTeam "Hilsmark Kingfisher II"]
[WhiteTeamCountry "ENG"]
[BlackTeamCountry "ENG"]

1. e4 e5 2. Nf3 Nc6 3. d4 exd4 4. Nxd4 Bc5 5. Nxc6 Qf6 6. Qd2 dxc6 7. Nc3 Be6 8. Na4 Rd8 9. Bd3 Bd4 10. 0-0 a6 11. Qa5 Qe5 12. Qxe5 Bxe5 13. Nc5 Bc8 14. Be3 Nf6 15. h3 0-0 16. f4 Bd4 17. Bxd4 Rxd4 18. c3 Rdd8 19. Rf3 b6 20. e5 Nd5 21. Ne4 Nxf4 22. Bc2 Ng6 23. Raf1 Nxe5 24. Rg3 Kh8 25. Rg5 f6 26. Rh5 g6 27. Rh4 Kg7 28. Rhf4 f5 29. Ng3 Nd3 30. Rc4 Ne5 31. Rcf4 c5 32. R4f2 Nd3 33. Re2 Nxb2 34. Rb1 Nd3 35. Bb3 Rfe8 36. Rd1 Rxe2 37. Nxe2 Rd6 38. h4 Bb7 39. Kh2 Ne5 40. Re1 c4 41. Ba4 b5 42. Bd1 Nd3 43. Rf1 Nb2 44. Nd4 c5 45. Bf3 cxd4 46. Bxb7 d3 47. Bf3 d2 48. Bd1 Nxd1 49. Rxd1 b4 0-1

[Event "BCF-chT4a 0405 (4NCL)"]
[Site "Telford"]
[Date "2005.04.17"]
[Round "8.6"]
[White "Kapadia, Sujit R"]
[Black "Linford, Charles M"]
[Result "1-0"]
[WhiteElo "1835"]
[BlackElo "2142"]
[PlyCount "95"]
[EventDate "2004.11.06"]
[EventType "team-tourn"]
[EventRounds "11"]
[EventCountry "ENG"]
[SourceTitle "EXT 2006"]
[Source "ChessBase"]
[SourceDate "2005.11.24"]
[SourceVersion "1"]
[SourceVersionDate "2005.11.24"]
[SourceQuality "1"]
[WhiteTeam "Cambridge II"]
[BlackTeam "Slough Sharks II"]
[WhiteTeamCountry "ENG"]
[BlackTeamCountry "ENG"]

1. d4 Nf6 2. c4 e6 3. Nc3 Bb4 4. Qc2 0-0 5. Bg5 c5 6. dxc5 Na6 7. a3 Bxc3+ 8. Qxc3 Nxc5 9. Bxf6 gxf6 10. Nf3 b6 11. g3 Bb7 12. Bg2 Rc8 13. 0-0 Ne4 14. Qd3 d5 15. cxd5 Bxd5 16. Rac1 Nc5 17. Qe3 Nb3 18. Rxc8 Qxc8 19. Nd4 Bxg2 20. Kxg2 Nxd4 21. Qxd4 e5 22. Qd6 Kg7 23. Rd1 Qf5 24. Qd3 Qe6 25. Qd5 Qg4 26. Qf3 Qe6 27. Qd5 Qc8 28. Qd7 Qc4 29. Qd3 Qa4 30. b4 h5 31. e4 a5 32. Qf3 Rh8 33. Rd6 Rh6 34. Rxb6 h4 35. Qg4+ Rg6 36. Qxh4 Qe8 37. bxa5 Qc8 38. h3 Qa8 39. a6 Rg5 40. a4 Kg6 41. Rb7 Kg7 42. g4 Rg6 43. Qg3 Qxa6 44. Qb3 f5 45. Qxf7+ Kh6 46. Qh7+ Kg5 47. Qh5+ Kf4 48. Qxf5# 1-0

[Event "Glorney Cup"]
[Site "Aberdeen"]
[Date "2004.07.28"]
[Round "4"]
[White "Linford, Charles M"]
[Black "Arnold, Christopher"]
[Result "1-0"]
[WhiteElo "2146"]
[BlackElo "1987"]
[PlyCount "99"]
[EventDate "2004.07.26"]
[EventType "team-tourn"]
[EventRounds "5"]
[EventCountry "SCO"]
[SourceTitle "CBM 101 Extra"]
[Source "ChessBase"]
[SourceDate "2004.09.01"]
[SourceVersion "2"]
[SourceVersionDate "2004.09.01"]
[SourceQuality "1"]
[WhiteTeam "England"]
[BlackTeam "Wales"]
[WhiteTeamCountry "ENG"]
[BlackTeamCountry "WLS"]

1. e4 c5 2. Nf3 Nc6 3. d4 cxd4 4. Nxd4 Nf6 5. Nc3 e5 6. Ndb5 d6 7. Bg5 a6 8. Na3 b5 9. Bxf6 gxf6 10. Nd5 Bg7 11. Bd3 Ne7 12. Nxe7 Qxe7 13. 0-0 0-0 14. c4 f5 15. Qf3 Re8 16. Rfe1 b4 17. Nc2 f4 18. Nxb4 Rb8 19. a3 a5 20. Nc6 Qg5 21. h3 Rxb2 22. Reb1 Rxb1+ 23. Rxb1 a4 24. Na7 Qd8 25. Rb4 Bd7 26. Nb5 Bxb5 27. cxb5 Qa8 28. Qd1 f5 29. exf5 d5 30. Rxa4 Qd8 31. Qb3 Kh8 32. b6 e4 33. b7 Be5 34. Ra8 Bb8 35. Bf1 e3 36. Qb2+ Kg8 37. f3 Qe7 38. a4 Kf7 39. a5 Qc5 40. Qb5 Qd4 41. Be2 Qa1+ 42. Kh2 Qe1 43. Qxe8+ Kxe8 44. Rxb8+ Kf7 45. Rf8+ Kg7 46. b8Q Qg3+ 47. Kh1 Qe1+ 48. Bf1 Qxf1+ 49. Kh2 e2 50. Rg8+ 1-0

[Event "Internet Section 08A g/8'+2\""]
[Site "Dos Hermanas"]
[Date "2004.03.08"]
[Round "9"]
[White "Seeman, Tarvo"]
[Black "Linford, Charles M"]
[Result "1/2-1/2"]
[WhiteElo "2429"]
[BlackElo "2179"]
[PlyCount "21"]
[EventDate "2004.03.08"]
[EventType "swiss (blitz)"]
[EventRounds "9"]
[EventCountry "ESP"]
[SourceTitle "CBM 099 Extra"]
[Source "ChessBase"]
[SourceDate "2004.05.04"]
[SourceVersion "1"]
[SourceVersionDate "2004.05.04"]
[SourceQuality "1"]

1. e4 c5 2. d3 Nc6 3. g3 e6 4. Bg2 d5 5. Nd2 Nf6 6. Ngf3 Be7 7. 0-0 0-0 8. Re1 b5 9. e5 Nd7 10. Nf1 Qb6 11. h4 1/2-1/2

[Event "BCF-chT3 0304 (4NCL)"]
[Site "West Bromwich"]
[Date "2004.01.25"]
[Round "4.5"]
[White "Andersson, Frans"]
[Black "Linford, Charles M"]
[Result "0-1"]
[WhiteElo "2103"]
[BlackElo "2179"]
[PlyCount "60"]
[EventDate "2003.11.23"]
[EventType "team-tourn"]
[EventRounds "11"]
[EventCountry "ENG"]
[SourceTitle "EXT 2005"]
[Source "ChessBase"]
[SourceDate "2004.11.15"]
[SourceVersion "1"]
[SourceVersionDate "2004.11.15"]
[SourceQuality "1"]
[WhiteTeam "Guildford III"]
[BlackTeam "Slough II"]
[WhiteTeamCountry "ENG"]
[BlackTeamCountry "ENG"]

1. d4 Nf6 2. Nf3 e6 3. g3 c5 4. Bg2 cxd4 5. Nxd4 a6 6. c4 Qc7 7. 0-0 Qxc4 8. Bg5 Be7 9. Na3 Qb4 10. Rc1 0-0 11. Nc4 Nc6 12. a3 Qc5 13. Be3 Qh5 14. Nf3 d5 15. Nb6 Rb8 16. Bc5 Bxc5 17. Rxc5 Rd8 18. Qb1 e5 19. Nxc8 Rbxc8 20. Rfc1 Ne4 21. R5c2 Qf5 22. e3 g5 23. Qa2 Rd6 24. b4 Rcd8 25. Qb2 d4 26. exd4 exd4 27. Nd2 Qxf2+ 28. Kh1 Nxg3+ 29. hxg3 Rh6+ 30. Bh3 Rxh3# 0-1

[Event "BCF-chT3 0304 (4NCL)"]
[Site "West Bromwich"]
[Date "2004.01.24"]
[Round "3.5"]
[White "Linford, Charles M"]
[Black "Hasman, Cengiz"]
[Result "1-0"]
[WhiteElo "2179"]
[BlackElo "2032"]
[PlyCount "69"]
[EventDate "2003.11.23"]
[EventType "team-tourn"]
[EventRounds "11"]
[EventCountry "ENG"]
[SourceTitle "EXT 2005"]
[Source "ChessBase"]
[SourceDate "2004.11.15"]
[SourceVersion "1"]
[SourceVersionDate "2004.11.15"]
[SourceQuality "1"]
[WhiteTeam "Slough II"]
[BlackTeam "Wood Green III"]
[WhiteTeamCountry "ENG"]
[BlackTeamCountry "ENG"]

1. e4 Nf6 2. e5 Nd5 3. d4 d6 4. c4 Nb6 5. f4 dxe5 6. fxe5 g6 7. Be3 Bg7 8. Nc3 0-0 9. Be2 c5 10. dxc5 N6d7 11. e6 fxe6 12. Qd2 Nc6 13. 0-0-0 Qa5 14. Bh6 Bh8 15. Bxf8 Nxf8 16. Qe3 e5 17. Nf3 b6 18. Nd2 Be6 19. Nb3 Qa6 20. Qe4 Rc8 21. Rhf1 Bg7 22. Bg4 Bxg4 23. Qxg4 Nd4 24. Kb1 Re8 25. Nxd4 exd4 26. Nb5 Qa4 27. b3 Qb4 28. Qf3 Kh8 29. Qf7 Rc8 30. Qxe7 Qxc5 31. Nd6 Qc7 32. Nxc8 Qxc8 33. Rf7 Ne6 34. Rdf1 h5 35. Rxg7 1-0

[Event "BCF-chT3 0304 (4NCL)"]
[Site "West Bromwich"]
[Date "2003.11.23"]
[Round "2.4"]
[White "Linford, Charles M"]
[Black "Stock, Tobias W"]
[Result "0-1"]
[WhiteElo "2179"]
[BlackElo "2048"]
[PlyCount "150"]
[EventDate "2003.11.23"]
[EventType "team-tourn"]
[EventRounds "11"]
[EventCountry "ENG"]
[SourceTitle "EXT 2005"]
[Source "ChessBase"]
[SourceDate "2004.11.15"]
[SourceVersion "1"]
[SourceVersionDate "2004.11.15"]
[SourceQuality "1"]
[WhiteTeam "Slough II"]
[BlackTeam "Bristol II"]
[WhiteTeamCountry "ENG"]
[BlackTeamCountry "ENG"]

1. e4 c5 2. Nf3 a6 3. c3 Nf6 4. e5 Nd5 5. d4 cxd4 6. Bc4 Nb6 7. Bb3 e6 8. Nxd4 d6 9. exd6 Qxd6 10. 0-0 Nc6 11. Nxc6 bxc6 12. Qg4 e5 13. Qf3 Be6 14. Nd2 Bxb3 15. axb3 Qd5 16. Re1 f6 17. Ne4 Be7 18. c4 Qe6 19. Be3 Nd7 20. Ng3 0-0 21. Nf5 Bb4 22. Qg4 Kf7 23. Qxg7+ Ke8 24. Qxh7 Kd8 25. Red1 Kc7 26. Bh6 Rg8 27. Rd3 Rh8 28. Qg6 e4 29. Rg3 Ne5 30. Nd4 Qd6 31. Qxe4 Rxh6 32. Nf5 Qd2 33. Nxh6 Qxh6 34. Rd1 Qh5 35. f3 Re8 36. Qf4 Bc5+ 37. Kh1 Kb6 38. Qxf6 Nd3 39. h4 Nf2+ 40. Kh2 Nxd1 41. b4 Bf2 42. Rg4 Qe5+ 43. Qxe5 Rxe5 44. f4 Re4 45. b3 a5 46. bxa5+ Kxa5 47. g3 Bd4 48. Rg6 c5 49. h5 Re2+ 50. Kh3 Nf2+ 51. Kh4 Ne4 52. h6 Kb4 53. Rb6+ Kc3 54. Kg4 Re3 55. h7 Rxg3+ 56. Kf5 Nd2 57. Rh6 Kxb3 58. Ke6 Bh8 59. Kd5 Nxc4 60. Kxc5 Ne3 61. Rb6+ Kc3 62. Ra6 Bd4+ 63. Kb5 Rh3 64. Ra3+ Kd2 65. Kc6 Rxh7 66. Ra2+ Kd3 67. Kd6 Ke4 68. Ra4 Rf7 69. Ke6 Rxf4 70. Kd7 Rf6 71. Rb4 Ke5 72. Rb1 Kd5 73. Rb4 Rf7+ 74. Ke8 Ra7 75. Kf8 Bc5+ 0-1

[Event "Smith & Williamson YM Rated 13th"]
[Site "Millfield"]
[Date "2003.07.17"]
[Round "11"]
[White "Longson, Sarah N"]
[Black "Linford, Charles M"]
[Result "1/2-1/2"]
[WhiteElo "1872"]
[BlackElo "2207"]
[PlyCount "28"]
[EventDate "2003.07.09"]
[EventType "swiss"]
[EventRounds "11"]
[EventCountry "ENG"]
[SourceTitle "CBM 095 Extra"]
[Source "ChessBase"]
[SourceDate "2003.09.04"]
[SourceVersion "1"]
[SourceVersionDate "2003.09.04"]
[SourceQuality "1"]

1. e4 c6 2. d3 d5 3. Nd2 dxe4 4. dxe4 e5 5. Ngf3 Bc5 6. Be2 Nf6 7. 0-0 Qc7 8. a3 b5 9. b4 Bb6 10. Bb2 Nbd7 11. c4 bxc4 12. Nxc4 0-0 13. Qc2 Re8 14. Rac1 Bb7 1/2-1/2

[Event "BCF-chT4 0203 fin (4NCL)"]
[Site "Telford"]
[Date "2003.05.24"]
[Round "9.2"]
[White "Linford, Charles M"]
[Black "Pedersen, Carsten"]
[Result "1-0"]
[WhiteElo "2185"]
[BlackElo "1944"]
[PlyCount "70"]
[EventDate "2003.04.??"]
[EventType "team-tourn"]
[EventRounds "3"]
[EventCountry "ENG"]
[SourceTitle "EXT 2004"]
[Source "ChessBase"]
[SourceDate "2003.11.25"]
[SourceVersion "1"]
[SourceVersionDate "2003.11.25"]
[SourceQuality "1"]
[WhiteTeam "Sussex Mindsports"]
[BlackTeam "Athenaeum II"]
[WhiteTeamCountry "ENG"]
[BlackTeamCountry "ENG"]

1. e4 e6 2. d4 d5 3. Nd2 Nf6 4. e5 Nfd7 5. Bd3 c5 6. c3 Nc6 7. Ne2 cxd4 8. cxd4 f6 9. exf6 Qxf6 10. Nf3 h6 11. 0-0 Bd6 12. Ng3 0-0 13. Nh5 Qf7 14. Nh4 Ne7 15. g3 Nf6 16. Bf4 Ne8 17. Rc1 Nf5 18. Nxf5 exf5 19. Re1 g5 20. Rxe8 gxf4 21. Rxf8+ Kxf8 22. Qf3 fxg3 23. fxg3 Bd7 24. Nf4 Qf6 25. Qxd5 Bxf4 26. gxf4 Rd8 27. Qc5+ Kg7 28. Re1 Bc6 29. Re7+ Kh8 30. Qe5 Qxe5 31. fxe5 Rxd4 32. Bxf5 Rd2 33. Rh7+ Kg8 34. Rxh6 Rxb2 35. h4 Rxa2 1-0

[Event "BCF-chT4 0203 fin (4NCL)"]
[Site "Telford"]
[Date "2003.04.13"]
[Round "8.2"]
[White "Smith, Olivia"]
[Black "Linford, Charles M"]
[Result "1/2-1/2"]
[WhiteElo "1916"]
[BlackElo "2185"]
[PlyCount "93"]
[EventDate "2003.04.??"]
[EventType "team-tourn"]
[EventRounds "3"]
[EventCountry "ENG"]
[SourceTitle "EXT 2004"]
[Source "ChessBase"]
[SourceDate "2003.11.25"]
[SourceVersion "1"]
[SourceVersionDate "2003.11.25"]
[SourceQuality "1"]
[WhiteTeam "Nidum Knights II"]
[BlackTeam "Sussex Mindsports"]
[WhiteTeamCountry "ENG"]
[BlackTeamCountry "ENG"]

1. e4 c5 2. Nf3 e6 3. d4 cxd4 4. Nxd4 Nc6 5. Bc4 Nf6 6. Nxc6 bxc6 7. e5 Qa5+ 8. Nc3 Qxe5+ 9. Qe2 Qxe2+ 10. Bxe2 d5 11. 0-0 Bd6 12. f4 h5 13. Nd1 Rb8 14. Be3 c5 15. c3 Bd7 16. h3 h4 17. Bf3 Nh5 18. f5 Ng3 19. fxe6 fxe6 20. Re1 0-0 21. Bg5 Nf5 22. Re2 d4 23. Nf2 Rb6 24. Rd1 Rfb8 25. Ne4 d3 26. Red2 c4 27. Nxd6 Nxd6 28. b3 Bb5 29. Bxh4 Rc8 30. Bf2 cxb3 31. axb3 Rxc3 32. Bxb6 axb6 33. Bg4 Kf7 34. Re1 Nf5 35. Re5 Rxb3 36. Bxf5 exf5 37. Rxf5+ Ke6 38. Rf4 Rc3 39. Kf2 Bc4 40. Ke3 b5 41. Rb2 Rc1 42. Re4+ Kd5 43. Rg4 Re1+ 44. Kd2 Re2+ 45. Kc1 Re1+ 46. Kd2 Re2+ 47. Kc1 1/2-1/2

[Event "BCF-chT4 0203 (4NCL)"]
[Site "Telford"]
[Date "2002.11.09"]
[Round "1.2"]
[White "Beveridge, Nigel"]
[Black "Linford, Charles M"]
[Result "1/2-1/2"]
[WhiteElo "2022"]
[BlackElo "1840"]
[PlyCount "134"]
[EventDate "2002.11.??"]
[EventType "team"]
[EventRounds "7"]
[EventCountry "ENG"]
[SourceTitle "EXT 2004"]
[Source "ChessBase"]
[SourceDate "2003.11.25"]
[SourceVersion "1"]
[SourceVersionDate "2003.11.25"]
[SourceQuality "1"]
[WhiteTeam "The ADS III"]
[BlackTeam "Sussex Mindsports"]
[WhiteTeamCountry "ENG"]
[BlackTeamCountry "ENG"]

1. Nf3 c5 2. b3 e6 3. Bb2 d5 4. e3 Nc6 5. Bb5 Bd7 6. 0-0 Nf6 7. d4 cxd4 8. exd4 Bd6 9. Nbd2 0-0 10. Re1 Rc8 11. a3 Qc7 12. c4 Ne7 13. Bxd7 Qxd7 14. Ne5 Qd8 15. Rc1 Nd7 16. Qe2 Bb8 17. Rc3 dxc4 18. bxc4 Nxe5 19. dxe5 Ng6 20. Rg3 Qa5 21. Bc3 Qxa3 22. Qh5 Qe7 23. Ne4 Qh4 24. Qf3 Bxe5 25. Bxe5 Nxe5 26. Nf6+ Kh8 27. Rxe5 Rxc4 28. Re1 Qxf6 29. Qxb7 Qd4 30. Rf3 Kg8 31. h3 Qc5 32. Kh2 Qc7+ 33. Qxc7 Rxc7 34. Ra3 Ra8 35. Ra6 Kf8 36. Rd1 Ke7 37. Kg3 Rb8 38. Rda1 Rb3+ 39. f3 Rbb7 40. R1a4 g6 41. Rh4 h5 42. Rha4 Kd7 43. Kf4 Kc8 44. Ke5 Kb8 45. Kf6 Rb2 46. g4 hxg4 47. hxg4 Rb3 48. f4 Rb1 49. Rd6 Rb6 50. Rd8+ Kb7 51. Rf8 e5+ 52. Kxe5 Re6+ 53. Kd4 Rd7+ 54. Kc3 Rc6+ 55. Rc4 Rxc4+ 56. Kxc4 Kb6 57. Rb8+ Ka5 58. Rb5+ Ka4 59. Rb4+ Ka3 60. Rb5 Rc7+ 61. Kd5 Ka4 62. Rb1 a5 63. f5 gxf5 64. gxf5 Ka3 65. f6 Ra7 66. Kd6 a4 67. Re1 Kb2 1/2-1/2